| 000 | 02124nam a2200433 c 4500 | ||
|---|---|---|---|
| 003 | BLK | ||
| 005 | 20180420235036.0 | ||
| 008 | 180411b bul|||||r ||||||| ||bul|| | ||
| 010 | _aKNG00174612000 | ||
| 020 |
_a978-619-202-021-7 _bиздат.: Унив. изд. Паисий Хилендарски |
||
| 040 | _aBLK | ||
| 041 |
_aBUL _cBUL |
||
| 072 | 7 |
_2bullib _aН32 _xПолитика Н |
|
| 080 |
_aПолитическа теория. Политическа идеология. Политология _b32.01 _x:339.13 _z32.01:339.13 |
||
| 080 |
_aИзбори. - Плебисцити. Народно гласуване. Референдуми. Изборна борба. Резултати от избори. Вж и 342. 8 _b324 _x.01 _z324.01 |
||
| 080 |
_aВръзки с обществеността (пъблик рилейшънс) _b659.4 _x _z659.4 |
||
| 100 | 1 |
_aМанолов, Георги Любенов _eпърви автор _9264369 |
|
| 139 |
_aМанолов, Георги Любенов _bМ 27 |
||
| 245 | 1 | 0 |
_aУвод в политическия маркетинг _cГеорги Любенов Манолов. |
| 257 | _aBGR | ||
| 260 |
_аПловдив _bУнив. изд. Паисий Хилендарски _c2015 |
||
| 300 |
_a552 с. _bс табл., диагр. _c25 см |
||
| 380 | _a3 | ||
| 500 | _aИзд. на Колежа пo иконoмика и администрация. - Съдържа и за авт. - Кратък речник. - Библиогр. с. 525-533. | ||
| 650 | 4 |
_aМаркетинг, политически _9337281 |
|
| 650 | 4 |
_aИзбори - теория _9264370 |
|
| 650 | 4 |
_aВръзки с обществеността _9261631 |
|
| 650 | 4 |
_aКомуникация _9159089 |
|
| 653 | _aполитически маркетинг | ||
| 653 | _aизбори | ||
| 653 | _aвръзки с обществеността | ||
| 653 | _aкомуникация | ||
| 659 | _aН | ||
| 852 | _aЦб 273995 | ||
| 856 | 4 |
_qpdf _u |
|
| 856 | 4 |
_qpdf _u |
|
| 942 |
_cKNG _n0 |
||
| 944 |
_aCR _c24.04.2015 _lф / _kВиолета_Тройчева |
||
| 944 |
_aED _c08.05.2015 _lф / _kЛюдмила_Стоянова |
||
| 999 |
_c166852 _d166852 |
||